000 00627nam a22002292 4500
001 0000005864
005 20151217152007.0
008 070723s xx 000 0 eng d
020 _a0521797500 :
_cKES 1,300
040 _aKABU
_cKABU
050 0 _aQC175
_b.M38
100 1 _aMathews, Philip.
_@0000156977
245 1 0 _aGases, liquids and solids.
260 _aCambridge :
_bCUP,
_c2002.
300 _a73 p.
650 0 _aKinetic theory of gases.
_@0000157114
650 0 _aLiquids.
_@0000157115
650 0 _aSolids.
_@0000157116
908 _a070723
950 _@1
999 _c7095
_d7095